00217nam a2200097Ia 4500008004100000041000800041082001500049100002100064245002500085260000900110240625s9999 xx 000 0 und d aeng a658.15 CHA aCHANDRA PRASANNA aFINANCIAL MANAGEMENT c2015